000
00325nam a2200133 a 4500
001
4140
005
20140414131909.0
008
090218s19uu xx 00 eng d
050
_a
ER
_b
B38 1994
100
_a
Hofmann, Ginnie
245
_a
The Bear next door.
260
_a
New York :
_b
Random House,
_c
1994.
999
_c
111091
_d
111091